| 000 | 00739nam a2200217 a 4500 | ||
|---|---|---|---|
| 001 | BRCA_7284 | ||
| 005 | 20190320205759.0 | ||
| 008 | 280212s2011----mx-a######---#000-0#spa-# | ||
| 041 | _aspa | ||
| 044 | _amx | ||
| 050 | 4 |
_aN6554.M3 _b.K88 2011 |
|
| 100 | 1 |
_aKuthy Saenger, Martha Eugenia _918026 |
|
| 245 | 1 | 0 |
_aFranz Mayer _bconstrucción de una identidad cultural´. |
| 260 |
_aCiudad de México _c2011 |
||
| 300 |
_a56 p. _bil. _c24 cm. |
||
| 500 | _a2do. ejemplar en el Área de Investigación | ||
| 502 | _aArtículo publicable (Maestra en Estudios de Arte) Universidad Iberoamericana | ||
| 600 | 1 | 4 |
_aMayer, Franz _d1882-1975 _qFranz Gabriel Mayer Traumann Altschuhl _xColecciones de arte _918027 |
| 902 | _aTES | ||
| 942 |
_2lcc _cTES |
||
| 999 |
_c6962 _d6962 |
||